Eurovision 2025 - Leaderboard - Statistics

General Stats
  • This quiz has been taken 66 times
  • The average score is 34 of 37
Answer Stats
Hint: Artist. Answer Points. GF; SF Position % Correct
Yuval Raphael Israel 357; 203 2
100%
JJ Austria 436; 104 1
98%
Tommy Cash Estonia 356; 113 3
96%
Kyle Alessandro Norway 89; 82 18
96%
PARG Armenia 72; 51 20
94%
Erika Vikman Finland 196; 115 11
94%
Klavdia Greece 231; 112 6
94%
Lucio Corsi Italy 256; 5
94%
Katarsis Lithuania 96; 103 16
94%
Miriana Conte Malta 91; 53 17
94%
Justyana Steczkowska Poland 156; 85 14
94%
KAJ Sweden 321; 118 4
94%
Ziferblat Ukraine 218; 137 9
94%
Remember Monday United Kingdom 88; 19
94%
Louane France 230; 7
93%
Abor & Tynna Germany 151; 15
93%
Shkodra Elektronike Albania 218; 122 8
91%
GO-JO Australia 41 28
91%
Marko Bosnjak Croatia 28 31
91%
VAEB Iceland 33; 97 25
91%
EMMY Ireland 28 30
91%
Tautumeitas Latvia 158; 130 13
91%
Klemen Slovenia 23 34
91%
Melody Spain 37; 24
91%
Red Sebastian Belgium 23 35
89%
Sissal Denmark 47; 61 23
89%
Nina Zizic Montenegro 12 36
89%
Claude Netherlands 175; 121 12
89%
Gabry Ponte San Marino 27; 46 26
89%
Princ Serbia 28 32
89%
Zoe Me Switzerland 214; 10
89%
ADONXS Czechia 29 29
87%
NAPA Portugal 50; 56 21
87%
Theo Evan Cyprus 44 27
85%
Mariam Shengelia Georgia 28 33
85%
Mamagama Azerbaijan 7 37
83%
Laura Thorn Luxembourg 47; 62 22
83%
No matching quizzes found
Score Distribution
Percent of People with Each Score
Percentile by Number Answered
Your Score History
You have not taken this quiz